| Tag |
First Indicator |
Second Indicator |
Subfields |
| LEADER |
00000pam a2200000 a 4500 |
| 001 |
in00000087096 |
| 005 |
20151008064731.0 |
| 008 |
810302s1981 tnu b 00000 eng |
| 010 |
|
|
|a 81001927
|
| 020 |
|
|
|a 0687197031 (pbk.)
|
| 035 |
|
|
|a (OCoLC)07275395
|
| 035 |
|
|
|9 AAK4702AM
|
| 039 |
0 |
|
|a 2
|b 3
|c 3
|d 3
|e 3
|
| 040 |
|
|
|a DLC
|c DLC
|d TXA
|d UtOrBLW
|
| 049 |
|
|
|a TXAM
|c [1805141]
|
| 050 |
0 |
0 |
|a BT102.A1
|b I8
|
| 082 |
0 |
|
|a 231
|2 19
|
| 245 |
0 |
0 |
|a Is God God? /
|c edited with an introduction by Axel D. Steuer & James Wm. McClendon, Jr.
|
| 264 |
|
1 |
|a Nashville :
|b Abingdon,
|c [1981]
|
| 264 |
|
4 |
|c ©1981
|
| 300 |
|
|
|a 288 pages ;
|c 22 cm.
|
| 336 |
|
|
|a text
|b txt
|2 rdacontent
|
| 337 |
|
|
|a unmediated
|b n
|2 rdamedia
|
| 338 |
|
|
|a volume
|b nc
|2 rdacarrier
|
| 504 |
|
|
|a Includes bibliographies.
|
| 650 |
|
0 |
|a God.
|
| 700 |
1 |
|
|a Steuer, Axel D.
|q (Axel Detlef),
|d 1943-
|
| 700 |
1 |
|
|a McClendon, James Wm.,
|c Jr.,
|d 1924-
|
| 999 |
|
|
|a MARS
|
| 999 |
f |
f |
|s afc5c915-cc08-3856-9a93-916aade3ed20
|i a8e8c93b-48d4-3fe6-9cba-12b455b3f2ee
|t 0
|
| 952 |
f |
f |
|p ric
|a Texas A&M University
|b Rellis Campus
|c Joint Library Facility
|d Remote Storage
|t 0
|e BT102.A1 I8
|h Library of Congress classification
|i unmediated -- volume
|m A14806092002
|
| 998 |
f |
f |
|a BT102.A1 I8
|t 0
|l Remote Storage
|